000 00580nam a2200205Ia 4500
008 151119s9999||||xx |||||||||||||| ||und||
082 _a915.479
082 _bGKKV10622
100 _a"भुर्के, श्याम"
245 _aपुणे इक साठवण
260 _a--
260 _b--
260 _c0
300 _a175Pp.
600 _a"भुर्के, श्याम"
630 _aपुणे इक साठवण
700 _a"भुर्के, श्याम"
730 _aपुणे इक साठवण
942 _cBOOK
999 _c1064730
_d1064727